000 00621nam a2200229Ia 4500
003 OSt
005 20220928103623.0
006 a|||||r|||| 00| 0
007 ta
008 220927b |||||||| |||| 00| 0 eng d
024 _a31082
037 _cTextual
040 _aSDCL
_cSDCL
_beng
041 _2eng
_aeng
082 _aQ22:24, M9
100 _aTrivedi Rudrakumar
_9405702
245 0 _aVaishnav Upanishado ka samikshatmak adhayyan.
260 _aKanpur
_bSurbharti Prakashan
_c1989
300 _a229p.
_ccm.
942 _hQ22:24, M9
_cTEXL
_2CC
999 _c721323
_d721323